[Event "Srpska Republic-chT 1st League"]
[Site "Banja Vrucica"]
[Date "2014.08.14"]
[Round "6.3"]
[White "Bakic, Dragan"]
[Black "Djuric, Nebojsa"]
[Result "1/2-1/2"]
[WhiteElo "2244"]
[BlackElo "2180"]
[PlyCount "92"]
[EventDate "2014.08.09"]
[EventType "team-tourn"]
[EventRounds "9"]
[EventCountry "BIH"]
[SourceTitle "EXT 2016"]
[Source "ChessBase"]
[SourceDate "2015.10.08"]
[SourceVersion "1"]
[SourceVersionDate "2015.10.08"]
[SourceQuality "1"]
[WhiteTeam "Srbac"]
[BlackTeam "Teslic Mladost"]
[WhiteTeamCountry "BIH"]
[BlackTeamCountry "BIH"]

1. c4 Nf6 2. Nf3 c6 3. g3 d5 4. Bg2 dxc4 5. Qc2 Nbd7 6. Qxc4 Nb6 7. Qc2 Bg4 8. b3 Bxf3 9. Bxf3 e5 10. Bb2 Bd6 11. Nc3 0-0 12. a3 a5 13. d3 Qe7 14. 0-0 Nbd5 15. Rfc1 Nxc3 16. Qxc3 Nd5 17. Qc4 Nb6 18. Qc2 f5 19. Bg2 Rf7 20. e3 f4 21. exf4 exf4 22. Bd4 Nd5 23. Bc5 Bxc5 24. Qxc5 Qd7 25. Rc4 f3 26. Bf1 Re7 27. Re4 b6 28. Rxe7 Nxe7 29. Qxb6 Nd5 30. Qd4 Rb8 31. Rb1 Qe7 32. Rc1 Qxa3 33. Rxc6 Qxb3 34. Rc4 Nf6 35. Qf4 Rf8 36. Qxf3 a4 37. Qc6 a3 38. Rc3 Qb2 39. Qc4+ Kh8 40. Rc2 Qb6 41. d4 Rd8 42. Qa2 Qb4 43. Rc4 Qa5 44. Rc5 Qb4 45. Rc4 Qa5 46. Rc5 Qb4 1/2-1/2

[Event "BIH-chT2"]
[Site "Tuzla"]
[Date "2010.07.18"]
[Round "1"]
[White "Durakovic, Alman"]
[Black "Djuric, Nebojsa"]
[Result "1/2-1/2"]
[WhiteElo "2218"]
[BlackElo "2184"]
[PlyCount "113"]
[EventDate "2010.07.18"]
[EventType "team-swiss"]
[EventRounds "9"]
[EventCountry "BIH"]
[SourceTitle "CBM 137 Extra"]
[Source "ChessBase"]
[SourceDate "2010.09.01"]
[SourceVersion "1"]
[SourceVersionDate "2010.09.01"]
[SourceQuality "1"]

1. d4 d5 2. c4 c6 3. Nf3 Nf6 4. Nc3 e6 5. cxd5 exd5 6. Bg5 Bf5 7. Qb3 Qb6 8. Qxb6 axb6 9. Bxf6 gxf6 10. Nh4 Bg6 11. f4 f5 12. e3 Be7 13. Nf3 Nd7 14. Bd3 b5 15. 0-0 Nf6 16. Ne5 Ne4 17. Nxe4 fxe4 18. Be2 f6 19. Nxg6 hxg6 20. a3 Kf7 21. Rfc1 Ke6 22. g3 f5 23. h4 Ra5 24. Kf2 Rha8 25. Rab1 b4 26. axb4 Bxb4 27. Rh1 Rh8 28. Ra1 Raa8 29. Rxa8 Rxa8 30. h5 Rh8 31. g4 fxg4 32. Bxg4+ Kf6 33. h6 Rh7 34. Bc8 Bf8 35. Ra1 Rc7 36. h7 Rxh7 37. Ra7 Rc7 38. Bg4 Bd6 39. Ra1 Rh7 40. Kg2 g5 41. fxg5+ Kxg5 42. Bh3 Kf6 43. Rf1+ Ke7 44. Rh1 Rh8 45. Bf5 Rxh1 46. Kxh1 b6 47. Kg2 c5 48. Bc8 Bc7 49. Bb7 Kd6 50. Kf2 Bd8 51. b3 Bf6 52. dxc5+ bxc5 53. Ke2 Bg5 54. Ba8 Bf6 55. Bb7 Bc3 56. Ba8 Bb2 57. Bb7 1/2-1/2

[Event "Srpska Republic-chT 1st League"]
[Site "Trebinje"]
[Date "2009.08.10"]
[Round "1"]
[White "Djuric, Nebojsa"]
[Black "Tesic, Dragan"]
[Result "0-1"]
[WhiteElo "2194"]
[BlackElo "2375"]
[PlyCount "62"]
[EventDate "2009.08.10"]
[EventType "team-tourn"]
[EventRounds "9"]
[EventCountry "BIH"]
[SourceTitle "EXT 2019"]
[Source "ChessBase"]
[SourceDate "2018.10.10"]
[SourceVersion "1"]
[SourceVersionDate "2018.10.10"]
[SourceQuality "1"]

1. e4 c5 2. Nf3 e6 3. d4 cxd4 4. Nxd4 Nc6 5. Nc3 a6 6. Be2 Qc7 7. 0-0 Nf6 8. Kh1 d6 9. f4 Be7 10. Be3 0-0 11. a4 Re8 12. Bf3 Rb8 13. Qd2 Bd7 14. g4 Nxd4 15. Bxd4 Bc6 16. a5 Nd7 17. Be3 Rbc8 18. g5 Bf8 19. Bg2 g6 20. Ne2 Bg7 21. c3 Nc5 22. Bxc5 dxc5 23. Ng3 Bb5 24. Rf2 Red8 25. Qc1 Bc4 26. e5 Bd3 27. c4 Rd4 28. b3 Rcd8 29. Bf3 h6 30. h4 hxg5 31. hxg5 Rxf4 0-1

[Event "Senta op-A 11th"]
[Site "Senta"]
[Date "2007.07.27"]
[Round "9"]
[White "Miljkovic, Miroslav M"]
[Black "Djuric, Nebojsa"]
[Result "1/2-1/2"]
[WhiteElo "2405"]
[BlackElo "2119"]
[PlyCount "140"]
[EventDate "2007.07.21"]
[EventType "swiss"]
[EventRounds "9"]
[EventCountry "YUG"]
[SourceTitle "CBM 119 Extra"]
[Source "ChessBase"]
[SourceDate "2007.09.04"]
[SourceVersion "1"]
[SourceVersionDate "2007.09.04"]
[SourceQuality "1"]

1. d4 d5 2. c4 c6 3. Nf3 Nf6 4. e3 e6 5. Nbd2 Nbd7 6. Bd3 dxc4 7. Nxc4 c5 8. 0-0 Be7 9. Qe2 0-0 10. Rd1 Qc7 11. e4 b5 12. Nce5 c4 13. Bc2 Bb7 14. Bg5 h6 15. Nxd7 Qxd7 16. Bh4 Rfd8 17. Rac1 Rac8 18. Ne5 Qc7 19. Bb1 Qb6 20. Nf3 Rc7 21. h3 a5 22. a3 b4 23. axb4 axb4 24. Qe3 Qa5 25. Bg3 Rcc8 26. Ne5 c3 27. b3 Qb6 28. Nc4 Qc6 29. Bd3 Ra8 30. Re1 Ra2 31. Bb1 Raa8 32. Rcd1 Ba6 33. d5 exd5 34. exd5 Nxd5 35. Qe4 g6 36. Ne5 Qe6 37. Qf3 Qf6 38. Rxd5 Qxf3 39. Rxd8+ Rxd8 40. Nxf3 Bf6 41. Bc2 Bd3 42. Bxd3 Rxd3 43. Rc1 Rd5 44. Ne1 Bg5 45. f4 Be7 46. Nc2 Ra5 47. Bf2 Ra2 48. Bd4 Rb2 49. Ne3 Rxb3 50. Nd5 Kf8 51. Ra1 Ke8 52. Re1 Kd7 53. Rxe7+ Kd6 54. Rc7 Kxd5 55. Bg7 Ke4 56. Kh2 Kd3 57. Rd7+ Kc2 58. Rxf7 Kb1 59. f5 gxf5 60. Rxf5 c2 61. Bxh6 Rc3 62. Rf1+ Ka2 63. Bd2 Kb2 64. h4 b3 65. h5 Rd3 66. Bc1+ Kb1 67. h6 Rd1 68. Rf3 b2 69. Bxb2 Kxb2 70. Rf2 Rd6 1/2-1/2

[Event "Senta op-A 11th"]
[Site "Senta"]
[Date "2007.07.26"]
[Round "7"]
[White "Pantelic, Sasa"]
[Black "Djuric, Nebojsa"]
[Result "0-1"]
[WhiteElo "2229"]
[BlackElo "2119"]
[PlyCount "114"]
[EventDate "2007.07.21"]
[EventType "swiss"]
[EventRounds "9"]
[EventCountry "YUG"]
[SourceTitle "CBM 119 Extra"]
[Source "ChessBase"]
[SourceDate "2007.09.04"]
[SourceVersion "1"]
[SourceVersionDate "2007.09.04"]
[SourceQuality "1"]

1. d4 d5 2. Nf3 Nf6 3. g3 g6 4. Bg2 Bg7 5. 0-0 0-0 6. c4 c6 7. cxd5 cxd5 8. Nc3 Nc6 9. Qb3 b6 10. Bf4 Na5 11. Qd1 Bb7 12. Ne5 Ne4 13. Nxe4 dxe4 14. b4 Bxe5 15. dxe5 Nc4 16. Rc1 Rc8 17. Qa4 Bd5 18. Rfe1 a6 19. Qd1 Bb7 20. Qb3 b5 21. Red1 Qb6 22. Rd7 e6 23. Rcd1 Bd5 24. Bh6 Rfd8 25. Rxd8+ Rxd8 26. Qc3 Bc6 27. Qc1 Nxe5 28. Rxd8+ Qxd8 29. Qf4 f6 30. Qd2 Qxd2 31. Bxd2 Nc4 32. Bc1 Kf7 33. Kf1 e5 34. Ke1 Ke6 35. Kd1 Bd5 36. e3 Nb6 37. a3 f5 38. h4 h6 39. Kc2 g5 40. hxg5 hxg5 41. Bb2 Bc4 42. Bc1 Nd5 43. f3 Bd3+ 44. Kd2 g4 45. fxg4 fxg4 46. Bb2 Ne7 47. Ke1 Nf5 48. Kf2 Kd5 49. Bc3 Kc4 50. Bxe5 Kb3 51. Bf1 Bxf1 52. Kxf1 Kxa3 53. Bc3 Nxg3+ 54. Kf2 Nf5 55. Bd2 Kb3 56. Be1 Kc2 57. Ke2 g3 0-1

[Event "Senta op-A 11th"]
[Site "Senta"]
[Date "2007.07.23"]
[Round "4"]
[White "Djuric, Nebojsa"]
[Black "Mamuzic, Mirko"]
[Result "1/2-1/2"]
[WhiteElo "2119"]
[BlackElo "2258"]
[PlyCount "69"]
[EventDate "2007.07.21"]
[EventType "swiss"]
[EventRounds "9"]
[EventCountry "YUG"]
[SourceTitle "CBM 119 Extra"]
[Source "ChessBase"]
[SourceDate "2007.09.04"]
[SourceVersion "1"]
[SourceVersionDate "2007.09.04"]
[SourceQuality "1"]

1. e4 d5 2. exd5 Nf6 3. d4 Nxd5 4. Nf3 Bg4 5. Be2 e6 6. 0-0 Be7 7. c4 Nb6 8. Be3 Nc6 9. Nbd2 0-0 10. h3 Bh5 11. Rc1 a5 12. Ne4 a4 13. Ng3 Bg6 14. Ne5 Nxe5 15. dxe5 Nd7 16. f4 Bc5 17. Bxc5 Nxc5 18. Qxd8 Rfxd8 19. Rfd1 Bd3 20. Kf2 Kf8 21. Ke3 Bg6 22. Rxd8+ Rxd8 23. Rd1 Rxd1 24. Bxd1 Bb1 25. b4 axb3 26. axb3 Ba2 27. b4 Na6 28. b5 Nc5 29. Kd4 b6 30. Bc2 Bb3 31. Bxb3 Nxb3+ 32. Kc3 Nc5 33. Kd4 Nb3+ 34. Kc3 Nc5 35. Kd4 1/2-1/2

[Event "EU-ch U18"]
[Site "Herceg Novi"]
[Date "2006.09.17"]
[Round "7"]
[White "Dragicevic, Drazen"]
[Black "Djuric, Nebojsa"]
[Result "1-0"]
[WhiteElo "2200"]
[BlackElo "2098"]
[PlyCount "57"]
[EventDate "2006.09.10"]
[EventType "swiss"]
[EventRounds "9"]
[EventCountry "MNE"]
[SourceTitle "CBM 114 Extra"]
[Source "ChessBase"]
[SourceDate "2006.11.03"]
[SourceVersion "1"]
[SourceVersionDate "2006.11.03"]
[SourceQuality "1"]

1. e4 c5 2. Nf3 Nc6 3. d4 cxd4 4. Nxd4 Nf6 5. Nc3 e5 6. Ndb5 d6 7. Bg5 a6 8. Na3 Be6 9. Nc4 Rc8 10. Nd5 Bxd5 11. Bxf6 gxf6 12. Qxd5 Nb4 13. Qd2 d5 14. exd5 Nxc2+ 15. Qxc2 Bb4+ 16. Kd1 Qxd5+ 17. Kc1 b5 18. a3 Be1 19. Be2 Bxf2 20. Nd6+ Qxd6 21. Qxc8+ Ke7 22. Qb7+ Ke6 23. Rd1 Be3+ 24. Kb1 Bd2 25. Ka2 Rb8 26. Qe4 b4 27. Bc4+ Ke7 28. Qc2 Rd8 29. Qxh7 1-0

[Event "EU-ch U18"]
[Site "Herceg Novi"]
[Date "2006.09.11"]
[Round "2"]
[White "Jojua, Davit"]
[Black "Djuric, Nebojsa"]
[Result "1-0"]
[WhiteElo "2371"]
[BlackElo "2098"]
[PlyCount "87"]
[EventDate "2006.09.10"]
[EventType "swiss"]
[EventRounds "9"]
[EventCountry "MNE"]
[SourceTitle "CBM 114 Extra"]
[Source "ChessBase"]
[SourceDate "2006.11.03"]
[SourceVersion "1"]
[SourceVersionDate "2006.11.03"]
[SourceQuality "1"]

1. d4 Nf6 2. c4 g6 3. Nc3 d5 4. Bg5 Ne4 5. Bh4 Nxc3 6. bxc3 dxc4 7. e3 Bg7 8. Bxc4 c5 9. Nf3 cxd4 10. cxd4 Qa5+ 11. Qd2 Qxd2+ 12. Kxd2 Nc6 13. Rab1 Na5 14. Bb5+ Bd7 15. Rhc1 a6 16. Bd3 Rc8 17. Rxc8+ Bxc8 18. Rc1 Kd7 19. Bg3 f6 20. d5 e5 21. dxe6+ Kxe6 22. Nd4+ Ke7 23. Rc5 b5 24. Rc7+ Bd7 25. Ra7 Rc8 26. Rxa6 Nc4+ 27. Bxc4 Rxc4 28. Bd6+ Ke8 29. Ra8+ Kf7 30. Ra7 Ke8 31. Nxb5 Bxb5 32. Rxg7 Rc6 33. Bb4 Ba4 34. Bc3 Rd6+ 35. Bd4 Rc6 36. Ke2 Rc2+ 37. Kf3 Rxa2 38. Bxf6 Bd1+ 39. Kg3 Ra6 40. Bd4 h6 41. Rh7 h5 42. Rg7 Bb3 43. Rb7 Rd6 44. Rxb3 1-0

[Event "EU-ch U18"]
[Site "Herceg Novi"]
[Date "2006.09.10"]
[Round "1"]
[White "Djuric, Nebojsa"]
[Black "Paichadze, Luka"]
[Result "1/2-1/2"]
[WhiteElo "2098"]
[BlackElo "2358"]
[PlyCount "68"]
[EventDate "2006.09.10"]
[EventType "swiss"]
[EventRounds "9"]
[EventCountry "MNE"]
[SourceTitle "CBM 114 Extra"]
[Source "ChessBase"]
[SourceDate "2006.11.03"]
[SourceVersion "1"]
[SourceVersionDate "2006.11.03"]
[SourceQuality "1"]

1. e4 c6 2. d4 d5 3. Nd2 dxe4 4. Nxe4 Bf5 5. Ng3 Bg6 6. h4 h6 7. Nf3 Nd7 8. h5 Bh7 9. Bd3 Bxd3 10. Qxd3 e6 11. Bf4 Qa5+ 12. Bd2 Qc7 13. 0-0-0 Ngf6 14. Ne4 Nxe4 15. Qxe4 Nf6 16. Qe2 0-0-0 17. c4 c5 18. Bc3 cxd4 19. Bxd4 Bc5 20. Bxc5 Qxc5 21. Ne5 Qc7 22. Kb1 Rxd1+ 23. Rxd1 Rd8 24. Rxd8+ Kxd8 25. g4 Ke7 26. Qe3 Nd7 27. Nxd7 Qxd7 28. Kc2 Qa4+ 29. Kc3 Qa5+ 30. Kc2 b6 31. a3 Qa4+ 32. Kc3 Qc6 33. b4 f6 34. f3 Qa4 1/2-1/2

[Event "Senta op-A 10th"]
[Site "Senta"]
[Date "2006.07.24"]
[Round "5"]
[White "Govedarica, Radovan"]
[Black "Djuric, Nebojsa"]
[Result "0-1"]
[WhiteElo "2415"]
[BlackElo "2098"]
[PlyCount "68"]
[EventDate "2006.07.21"]
[EventType "swiss"]
[EventRounds "9"]
[EventCountry "YUG"]
[SourceTitle "CBM 113 Extra"]
[Source "ChessBase"]
[SourceDate "2006.09.14"]
[SourceVersion "1"]
[SourceVersionDate "2006.09.14"]
[SourceQuality "1"]

1. e4 c5 2. Nf3 Nc6 3. d4 cxd4 4. Nxd4 Nf6 5. Nc3 e5 6. Ndb5 d6 7. Bg5 a6 8. Na3 Be6 9. Nc4 Rc8 10. Bxf6 gxf6 11. Ne3 Bh6 12. Ncd5 Bxe3 13. Nxe3 Qb6 14. Qc1 Qb4+ 15. c3 Qxe4 16. Qd2 d5 17. Bd3 Qa4 18. 0-0 d4 19. cxd4 Qxd4 20. Nc2 Qd5 21. Qe2 Nd4 22. Nxd4 Qxd4 23. Rad1 Bg4 24. Qd2 Bxd1 25. Qxd1 Rd8 26. Qf3 Qxd3 27. Qxf6 Rg8 28. Re1 Qd6 29. Qf5 Kf8 30. g3 Rg6 31. h4 Rf6 32. Qxh7 Qc5 33. Re2 Rd1+ 34. Kh2 Rxf2+ 0-1

[Event "Senta op-A 10th"]
[Site "Senta"]
[Date "2006.07.22"]
[Round "3"]
[White "Sirotanovic, Obrad"]
[Black "Djuric, Nebojsa"]
[Result "1-0"]
[WhiteElo "2285"]
[BlackElo "2098"]
[PlyCount "83"]
[EventDate "2006.07.21"]
[EventType "swiss"]
[EventRounds "9"]
[EventCountry "YUG"]
[SourceTitle "CBM 113 Extra"]
[Source "ChessBase"]
[SourceDate "2006.09.14"]
[SourceVersion "1"]
[SourceVersionDate "2006.09.14"]
[SourceQuality "1"]

1. c4 Nf6 2. Nc3 d5 3. cxd5 Nxd5 4. d4 g6 5. e4 Nxc3 6. bxc3 Bg7 7. Nf3 0-0 8. Be3 c5 9. Rc1 Qa5 10. Qd2 Nc6 11. d5 Ne5 12. Nxe5 Bxe5 13. f4 Bg7 14. c4 Qxd2+ 15. Kxd2 b6 16. Be2 e5 17. g4 exf4 18. Bxf4 Re8 19. Kd3 Be5 20. Rcf1 Kg7 21. h4 f6 22. Bxe5 fxe5 23. g5 Bd7 24. Rf6 Rf8 25. Rhf1 Rxf6 26. Rxf6 Rf8 27. Rd6 Rf7 28. h5 gxh5 29. Bxh5 Re7 30. Rf6 Bh3 31. Ke3 Rb7 32. Be8 Re7 33. Bh5 Rb7 34. Kf2 a6 35. Kg3 Bd7 36. Rf7+ Kg8 37. Re7 Kf8 38. Rxh7 b5 39. Bg4 bxc4 40. Rxd7 c3 41. Rd8+ Ke7 42. Rc8 1-0

[Event "EU-ch U16"]
[Site "Herceg Novi"]
[Date "2005.09.21"]
[Round "7"]
[White "Papp, Tamas"]
[Black "Djuric, Nebojsa"]
[Result "1-0"]
[WhiteElo "2236"]
[BlackElo "2139"]
[PlyCount "63"]
[EventDate "2005.09.14"]
[EventType "swiss"]
[EventRounds "9"]
[EventCountry "YUG"]
[SourceTitle "CBM 108 Extra"]
[Source "ChessBase"]
[SourceDate "2005.11.04"]
[SourceVersion "1"]
[SourceVersionDate "2005.11.04"]
[SourceQuality "1"]

1. e4 c5 2. Nf3 Nc6 3. d4 cxd4 4. Nxd4 Nf6 5. Nc3 e5 6. Ndb5 d6 7. Nd5 Nxd5 8. exd5 Nb8 9. a4 Be7 10. Be2 0-0 11. 0-0 a6 12. Na3 Nd7 13. Kh1 f5 14. f4 b6 15. fxe5 Nxe5 16. c4 Bg5 17. Nc2 Bxc1 18. Qxc1 Qh4 19. a5 bxa5 20. Rxa5 f4 21. Nd4 Bg4 22. Bxg4 Nxg4 23. Nf3 Qd8 24. Qc3 Qb6 25. c5 dxc5 26. Rxc5 Rae8 27. b4 Re3 28. Qc4 Qh6 29. Rc6 Qh5 30. d6+ Kh8 31. Rc8 Qf5 32. d7 1-0